Statistiken für TOP 10 Beliebteste Leistungskursfächer

Klicken Sie hier um das Quiz zu spielen!

Allgemein

  • Dieses Quiz wurde 192 mal gespielt
  • Das Durchschnittsergebnis liegt bei 5 aus 10

Antwortstatistiken

Anteil SchülerLeistungskurs% Korrekt
~ 40 %Englisch
98%
~ 33 %Deutsch
93%
~ 32 %Mathe
91%
~ 21 %Biologie
70%
~ 12 %Geschichte
52%
~ 16 %Erdkunde/ Geographie
48%
~ 4 %Chemie
37%
~ 6 %Physik
36%
~ 12 %Pädagogik
9%
~ 9 %Sozialwissenschaften
5%

Verteilung der Resultate

Perzentil nach korrekt beantworteten Fragen

Anzahl Personen mit jedem Resultat

Ihre Resultats-Entwicklung

Sie haben dieses Quiz noch nicht gespielt